000
00433nam a2200133Ia 4500
008
151001s9999||||xx |||||||||||||| ||und||
100
_a
पालेश्वर प्रसाद शर्मा
245
_a
छत्तीसगड का सांस्कृतिक इतिहास
250
_a
1
260
_b
मित्तल एंड सन्स
260
_c
2007
300
_a
263
365
_b
21
999
_c
992577
_d
992574